000 00839 a2200217 4500
003 OSt
005 20230320102853.0
008 220428s2019 mx a||||r|||| 00| 0 spa d
020 _a9786079578893
040 _cCHAP
082 0 4 _a323.347241
_bC39
_222
100 1 _9186297
_aChavero Rangel, Jorge Armando
245 1 0 _aParticipación política de las mujeres :
_b la paridad de género en el proceso electoral local del Estado de Guanajuato 2017-2018 /
_cpor Jorge Armando Chavero Rangel.
264 0 1 _aGuanajuato, México :
_bInstituto Electoral del Estado de Guanajuato,
_c2019.
300 _a160 páginas.
_btablas.
504 _aIncluye bibliografía.
650 2 _9186298
_aMujeres
_xActividad política
650 2 _9186296
_aMujeres
_xDerechos políticos
650 2 _985816
_aPartidos políticos
_xGuanajuato
942 _2ddc
_cLIBRO
999 _c209236
_d209236